Evee-loutions - Statistics

General Stats
  • This quiz has been taken 16 times
  • The average score is 6 of 8
Answer Stats
Hint Answer % Correct
Electric Jolteon
92%
Water Vaporeon
92%
Fire Flareon
85%
Dark Umbreon
85%
Ice Glaceon
77%
Grass Leafeon
77%
Physic Espeon
69%
Fairy Sylveon
69%
No matching quizzes found
Score Distribution
Percent of People with Each Score
Percentile by Number Answered
Your Score History
You have not taken this quiz